| 000 | 00703nam a2200253Ia 4500 | ||
|---|---|---|---|
| 003 | OSt | ||
| 005 | 20220918163634.0 | ||
| 006 | a|||||r|||| 00| 0 | ||
| 007 | ta | ||
| 008 | 220917b |||||||| |||| 00| 0 eng d | ||
| 020 | _a0195632141 (hbk) | ||
| 024 | _a21,178 | ||
| 037 | _cTextual | ||
| 040 |
_aARTS _cARTS _beng |
||
| 041 |
_2eng _aeng |
||
| 082 | _aV43jN28, N4 | ||
| 100 |
_aRobb Peter ed _914247 |
||
| 245 | 0 |
_aSociety and ideology _b essays in South Asian history presented to Prof. K. A Ballhatchet |
|
| 260 |
_aOxford _bOUOP _c1993 |
||
| 300 |
_ax,266p. _ccm. |
||
| 650 | _aHISTORY | ||
| 942 |
_hV43jN28, N4 _cTEXL _2CC |
||
| 999 |
_c120496 _d120496 |
||